| Tag |
First Indicator |
Second Indicator |
Subfields |
| LEADER |
00000cam a22000008a 4500 |
| 001 |
in00001024921 |
| 005 |
20150928092839.0 |
| 008 |
901023s1990 cau 0010 eng |
| 010 |
|
|
|a 90022252
|
| 020 |
|
|
|a 1560520590 :
|c $15.95
|
| 035 |
|
|
|a (OCoLC)22710330
|
| 035 |
|
|
|9 AFF1380AM
|
| 040 |
|
|
|a DLC
|c DLC
|d TXA
|d UtOrBLW
|
| 049 |
|
|
|a TXAM
|
| 050 |
0 |
0 |
|a TJ163.5.B84
|b T758 1990
|
| 082 |
0 |
0 |
|a 697
|2 20
|
| 100 |
1 |
|
|a Trost, J.
|
| 245 |
1 |
0 |
|a Efficient buildings 2 :
|b heating and cooling /
|c J. Trost.
|
| 263 |
|
|
|a 9101
|
| 264 |
|
1 |
|a Los Altos, Calif. :
|b Crisp Publications,
|c [1990]
|
| 264 |
|
4 |
|c ©1990
|
| 300 |
|
|
|a 113 pages :
|b illustrations
|
| 336 |
|
|
|a text
|b txt
|2 rdacontent
|
| 337 |
|
|
|a unmediated
|b n
|2 rdamedia
|
| 338 |
|
|
|a volume
|b nc
|2 rdacarrier
|
| 500 |
|
|
|a Includes index.
|
| 500 |
|
|
|a Part of illustrative matter in pocket.
|
| 650 |
|
0 |
|a Buildings
|x Energy conservation.
|
| 650 |
|
0 |
|a Heating.
|
| 650 |
|
0 |
|a Air conditioning.
|
| 740 |
0 |
|
|a Efficient buildings two.
|
| 999 |
|
|
|a MARS
|
| 999 |
f |
f |
|s fd32ff8e-bf7b-30cf-9830-87b40fe24f1f
|i c0c750ee-ad4a-31c0-b40f-8c298ddbfefb
|t 0
|
| 952 |
f |
f |
|p ric
|a Texas A&M University
|b Rellis Campus
|c Joint Library Facility
|d Remote Storage
|t 0
|e TJ163.5.B84 T758 1990
|h Library of Congress classification
|i unmediated -- volume
|m A14826353054
|
| 998 |
f |
f |
|a TJ163.5.B84 T758 1990
|t 0
|l Remote Storage
|